| 000 | 00554nam a2200193Ia 4500 | ||
|---|---|---|---|
| 005 | 20250508154653.0 | ||
| 008 | 008 250505s9999 xx 000 0 eng d | ||
| 037 | _aBooks to be hide in OPAC | ||
| 040 |
_aFEDL _beng _cFEDL |
||
| 041 |
_aeng _2eng |
||
| 084 |
_a001.42, PHI _qFEDL |
||
| 100 | _aPhillips Bernard S | ||
| 245 | 0 | _aSocial research: Strategy and tactics | |
| 260 |
_aNew York, USA _bMacmillan Company _c1966 |
||
| 300 | _axii, 336p | ||
| 650 | _aResearch methods | ||
| 942 |
_cHB _h001.42, PHI |
||
| 999 |
_c1351512 _d1351512 |
||